| 000 | 00858cam a2200253 a 4500 | ||
|---|---|---|---|
| 001 | 1913703 | ||
| 005 | 20260422151806.0 | ||
| 008 | 850222s1985 nyu b 000 0 eng | ||
| 020 |
_a0883441993 _qpbk. |
||
| 020 |
_a9780883441992 _q(pbk.) |
||
| 041 | 1 |
_aeng _afre |
|
| 050 | 0 | 0 |
_aGR351.2.D82 _bR6713 1985 |
| 082 | 0 | 0 |
_a398/.353 _219 |
| 100 | 1 |
_aRosny, Eric de, _d1930- |
|
| 245 | 1 | 0 |
_aHealers in the night / _cEric de Rosny ; translated from the French by Robert R. Barr. |
| 260 |
_aMaryknoll, N.Y. : _bOrbis Books, _cc1985. |
||
| 300 |
_ax, 288 p. ; _c24 cm. |
||
| 500 | _aTranslation of: Les yeux de ma chèvre. | ||
| 650 | 0 |
_aDuala (African people) _xFolklore. |
|
| 650 | 0 |
_aDuala (African people (African people) _xMedicine. |
|
| 650 | 0 |
_aDuala (African people) _xReligion. |
|
| 650 | 0 |
_aTraditional medicine _zCameroon _zDouala. |
|
| 942 |
_2lcc _cBK _n0 |
||
| 999 |
_c9517 _d9517 |
||